POBLES DEL SOLSONÈS - Estadísticas

Estadísticas generales
  • Esta prueba ha sido intentada 48 veces
  • La puntuación promedio es 13 de 15
Estadísticas de respuestas
INICIAL MUNICIPI % Correcto
N Navès
100%
S Solsona
100%
C Clariana de Cardener
88%
G Guixers
88%
M la Molsosa
88%
L Llobera
88%
O Olius
88%
C la Coma i la Pedra
82%
L Lladurs
82%
O Òden
82%
P Pinós
82%
S Sant Llorenç de Morunys
82%
C Castellar de la Ribera
76%
P Pinell de Solsonès
76%
R Riner
76%
No se encontraron pruebas coincidentes
Distribución de puntuación
Porcentaje de gente con cada puntuación
Porcentaje por número respondido
Historial de tus puntuaciones
No has intentado esta prueba.